000 00426nam a22001697a 4500
005 20180707112310.0
008 160525b xxu||||| |||| 00| 0 eng d
020 _a07069-9777-8
041 _aeng
082 _b4909
_a658.15
100 _aPandey, I.M.
_94471
245 _aEssentials of Financial Management
260 _aNew Delhi
_bAcademic Faundation
_c2004
300 _a478P,
650 _aManagement
_9241
942 _cBK
999 _c1714
_d1713